Η μεταλλευτική κίνησις της Ελλάδος κατά το έτος 1925 Le mouvement minier de la Grece pendant l'annee 1925 : tableaux statistiques
Αποθηκεύτηκε σε:
| Συγγραφή απο Οργανισμό/Αρχή: | |
|---|---|
| Μορφή: | Περιοδική έκδοση |
| Γλώσσα: | Greek |
| Δημοσίευση: |
Εν Αθήναις :
Εθνικό Τυπογραφείο,
1927
|
| Θέματα: | |
| Ετικέτες: |
Προσθήκη ετικέτας
Δεν υπάρχουν, Καταχωρήστε ετικέτα πρώτοι!
|
MARC
| LEADER | 00000nas a2200000 i 4500 | ||
|---|---|---|---|
| 001 | 1/23246 | ||
| 008 | 060131d1927####gr u r | |gre|| | ||
| 035 | |l 10082370 | ||
| 040 | |a GR-MY-UA |b gre |e aacr | ||
| 041 | 0 | |a gre | |
| 082 | 0 | |a 338.209495 |2 (22) | |
| 110 | 1 | |a Ελλάς |b Γενική Διεύθυνσις Μεταλλείων. | |
| 245 | 1 | 2 | |a Η μεταλλευτική κίνησις της Ελλάδος κατά το έτος 1925 |h [περιοδικό] = |b Le mouvement minier de la Grece pendant l'annee 1925 : tableaux statistiques / |c Υπουργείον της Εθνικής Οικονομίας Διεύθυνσις Υπηρεσίας των Μεταλλείων. |
| 260 | |a Εν Αθήναις : |b Εθνικό Τυπογραφείο, |c 1927 | ||
| 300 | |a 44 σ. : |b πιν. ; |c 24 εκ. | ||
| 500 | |a Επιμέλεια Ν.Γ. Γεωργιάδου. | ||
| 650 | 0 | 0 | |a Mines and mineral resources |z Greece |x Statistics |x Periodicals. |
| 650 | 0 | 0 | |a Mineral industries |z Greece |x Statistics |x Periodicals. |
| 853 | |a INST |b LESVOS |c SER |h 338.209495 | ||
| 901 | |a BIBL1-2006-1 | ||
| 970 | |a ΤΖΑΦΕΡΗ |b ΕΥΑΓΓΕΛΙΑ |z 2006/01/31 | ||